000 00352nam a2200133Ia 4500
008 240624s9999 xx 000 0 und d
041 _aeng
082 _a658.7 BAS
100 _aBASU RON
245 _aIMPLEMENTING SIX SIGMA AND LEAN A PRACTI
260 _c2009
_aOxford
_bButterworth Heinemann
300 _axix, : 342 : p. : cm. ; 23
365 _c
_b30
999 _c16367
_d16367